Сказки в дополненной реальности. 2 (Запись № 11611229)

Подробности
000 -МАРКЕР
контрольное поле 01859nam2a2200301 4500
001 - ИДЕНТИФИКАТОР ЗАПИСИ
контрольное поле RU\NLR\BIBL_A\012378107
005 - ИДЕНТИФИКАТОР ВЕРСИИ
контрольное поле 20251007111709.0
010 ## - МЕЖДУНАРОДНЫЙ СТАНДАРТНЫЙ НОМЕР КНИГИ (ISBN)
Номер (ISBN) 978-5-6044443-6-8
Тираж 10000
021 ## - НОМЕР ГОСУДАРСТВЕННОЙ РЕГИСТРАЦИИ
Код страны Российская Федерация
Номер КН-П-20-037146
Номер Листа государственной регистраци КН-П-20-2813
035 ## - ДРУГИЕ СИСТЕМНЫЕ НОМЕРА
Идентификатор записи (NLR Aleph) 012378107
035 ## - ДРУГИЕ СИСТЕМНЫЕ НОМЕРА
Идентификатор записи (RuMoRGB)010368753
100 ## - ДАННЫЕ ОБЩЕЙ ОБРАБОТКИ
Данные общей обработки 20201015d2020 c y0rusy50 ca
101 0# - ЯЗЫК РЕСУРСА
Язык текста, звукозаписи и т.д. русский
102 ## - СТРАНА ПУБЛИКАЦИИ ИЛИ ПРОИЗВОДСТВА
Страна публикации Российская Федерация
105 ## - ПОЛЕ КОДИРОВАННЫХ ДАННЫХ: ТЕКСТОВЫЕ МАТЕРИАЛЫ, МОНОГРАФИЧЕСКИЕ
Кодированные данные о монографическом текстовом документе a z 000ay
200 0# - ЗАГЛАВИЕ И СВЕДЕНИЯ ОБ ОТВЕТСТВЕННОСТИ
Основное заглавие 2
Первые сведения об ответственности отв. ред.: Юлия Петрова, Евгения Садовская
Последующие сведения об ответственности иллюстраторы: Александра Беляева и др.
-- 3D-художники: Валерия Князева и др.]
210 ## - ПУБЛИКАЦИЯ, РАСПРОСТРАНЕНИЕ И ДР.
Дата издания, распространения и т.д. 2020
215 ## - ФИЗИЧЕСКАЯ ХАРАКТЕРИСТИКА
Специфическое обозначение материала и объем 61, [2] с.
Другие сведения о физической характеристике цв. ил.
327 1# - ПРИМЕЧАНИЯ О СОДЕРЖАНИИ
Текст примечания Содерж.: Три поросёнка. Волк и семеро козлят. Три медведя. Теремок
333 ## - ПРИМЕЧАНИЯ ОБ ОСОБЕННОСТЯХ РАСПРОСТРАНЕНИЯ И ИСПОЛЬЗОВАНИЯ
Текст примечания 0+
461 #0 - УРОВЕНЬ НАБОРА
Встроенное поле 001RU\NLR\BIBL_A\012239802
-- 2001#$aСказки в дополненной реальности$eсборник$e[4D книга$eдля детей младшего школьного возраста$fотв. ред.: Юлия Петрова и др.$gиллюстраторы: Сергей Садов и др.$g3D-художники: Александр Плотников и др.]$v2
Системный номер (АБИС) связанной записи 11026064
Место публикации Тула
Дата публикации 2019
Первые сведения об ответственности отв. ред.: Юлия Петрова и др.
Имя издателя, распространителя и т.д. Дэвар Медиа
Сведения, относящиеся к заглавию сборник : [4D книга : для детей младшего школьного возраста
Заглавие Сказки в дополненной реальности
Номер тома 2
702 #1 - ИМЯ ЛИЦА - ВТОРИЧНАЯ ОТВЕТСТВЕННОСТЬ
Код отношения Иллюстратор
Графика поля Кириллица
Материалы, к которым относится поле rus
Начальный элемент ввода Беляева
Часть имени, кроме начального элемента ввода А.
Дополнения к именам, кроме дат иллюстратор
Расширение инициалов личного имени Александра
Системный номер авторитетной/нормативной записи 222610
Идентификатор авторитетной/нормативной записи RU\NLR\AUTH\770222666
702 #1 - ИМЯ ЛИЦА - ВТОРИЧНАЯ ОТВЕТСТВЕННОСТЬ
Начальный элемент ввода Князева
Часть имени, кроме начального элемента ввода В.
Расширение инициалов личного имени Валерия
Код отношения Карикатурист, Художник
942 ## - ДОПОЛНИТЕЛЬНЫЕ ЭЛЕМЕНТЫ ЗАПИСИ (АБИС)
Тип экземпляра АБИС Книга
980 ## - КОЛЛЕКЦИЯ
Название коллекции Национальная библиография
Экземпляры
Тип экземпляра Дата поступления Источник поступления Библиотека постоянного хранения Библиотека текущего хранения Место хранения Шифр хранения Штрих-код Статус экземпляра
Книга 15.10.2020 Обязательный экземпляр РНБ (Московский) РНБ (Московский) Русский книжный фонд: издания с 1957 года 2020-8/505 1-3206943  
Книга 15.10.2020 Обязательный экземпляр РНБ (Московский) РНБ (Московский) Обменный фонд   1-3206944